| 000 | 00567nam a2200145Ia 4500 | ||
|---|---|---|---|
| 008 | 231221s9999 xx 000 0 und d | ||
| 020 | _a978-1-4020-9200-8 | ||
| 041 | _aEnglish | ||
| 100 | _aA. J. M. Ferreira | ||
| 245 | 0 | _aMATLAB Codes for Finite Element Analysis | |
| 260 |
_c2009 _bSpringer Netherlands _aNew York |
||
| 440 | _aSolid Mechanics and Its Applications | ||
| 650 | _aAppl.Mathematics/Computational Methods of Engineering; Mechanical Engineering; Computational Intelligence; Structural Mechanics; Vibration, Dynamical Systems, Control | ||
| 942 | _cEB | ||
| 999 |
_c226318 _d226318 |
||